000 00344nam a2200157Ia 4500
100 _aGladis/Steve
650 _aGeneral
942 _cBK
654 _apublic presentation
245 _aManagers pocket guide to Public presentation
260 _bJaico
_c2004
082 _a658.401
_bGLA
300 _a162
546 _aENGLISH
999 _c21289
_d21289